000 00584nam a22001937a 4500
999 _c21343
_d21343
003 AR-CdUCM
008 190304b ||||| |||| 00| 0 spa d
040 _aMUNICIPALIDAD PROVINCIAL DEL CUSCO
_cBIBLIOTECA MUNICIPAL DEL CUSCO
082 _a345.73/P49E
_bP49E
100 _aPezúa Vivanco, David
_98567
245 _aEsta es mi vida y mi obra /
260 _aLima ;
_bRicapa,
_c2019.
300 _a276 Páginas. :
_c23 cm.
650 _aReforma judicial
_98568
650 _aAutobiografía
_92301
650 _aPoder Judicial - Perú
_98570
942 _2ddc
_cLIBROS
945 _aRoel